000 00358nam a2200133Ia 4500
008 230917s9999||||xx |||||||||||||| ||und||
040 _e159715
_aMAIN
041 _aEnglish
082 _a370 R131R
100 _aRaj Ram
245 0 _aRikatantra pratisakhya aur Panini ki ashtadhyayi ke sandhi niyamon ka tulnatmak adhayayan
300 _a90 p.
942 _cTH
999 _c88547
_d88547